MLB Players Who Have Won a World Series - Sudden Death - Statistics

General Stats
  • This quiz has been taken 134 times
  • The average score is 8 of 16
Answers on the Grid
Answers color-coded by a green-red scale on the quiz's grid according to % correct below.
Aaron Judge
Andrew McCutchen
Babe Ruth
Buster Posey
Carl Yastrzemski
Corey Seager
Derek Jeter
Felipe Alou
Ichiro Suzuki
Joe Carter
Johnny Bench
Jose Altuve
Jose Canseco
Juan Soto
Ken Griffey Jr.
Kieth Hernandez
Mickey Mantle
Mike Trout
Nolan Ryan
Roberto Clemente
Robin Yount
Shohei Ohtani
Ted Williams
Todd Helton
Willie Mays
Willie McCovey
Yogi Berra
 
Answer Stats
Answer % Correct
Derek Jeter
78%
Babe Ruth
70%
Buster Posey
65%
Shohei Ohtani
63%
Corey Seager
58%
Jose Altuve
55%
Joe Carter
50%
Willie Mays
50%
Mickey Mantle
48%
Kieth Hernandez
42%
Yogi Berra
42%
Johnny Bench
38%
Juan Soto
38%
Jose Canseco
32%
Roberto Clemente
25%
Nolan Ryan
20%
No matching quizzes found
Score Distribution
Percent of People with Each Score
Percentile by Number Answered
Your Score History
You have not taken this quiz